Central Library OPAC University of Rajshahi

বাঙলী জাতীয়তাবাদ ও অন্যান্য প্রসঙ্গ / (Record no. 65660)

MARC details
000 -LEADER
fixed length control field 00810nam a2200229 a 4500
001 - CONTROL NUMBER
control field 65660
003 - CONTROL NUMBER IDENTIFIER
rucl marc code BD-RjUL
005 - DATE AND TIME OF LATEST TRANSACTION
control field 20211209081441.0
008 - FIXED-LENGTH DATA ELEMENTS--GENERAL INFORMATION
fixed length control field 170309b1973 bg |||| |||| 000 0 ben d
020 ## - INTERNATIONAL STANDARD BOOK NUMBER
Terms of availability : Tk. 4.00
035 ## - SYSTEM CONTROL NUMBER
System control number (BD-RjUL)65790
040 ## - CATALOGING SOURCE
Original cataloging agency BD-RjUL
Language of cataloging ben
Transcribing agency BD-RjUL
Modifying agency BD-RjUL
041 ## - LANGUAGE CODE
Language code of text/sound track or separate title ben
082 ## - DEWEY DECIMAL CLASSIFICATION NUMBER
Edition number 23
Classification number 954.92
Author mark and year HOB 1973
100 1# - MAIN ENTRY--PERSONAL NAME
Personal name হক, আবদুল
9 (RLIN) 176030
245 10 - TITLE STATEMENT
Title বাঙলী জাতীয়তাবাদ ও অন্যান্য প্রসঙ্গ /
Statement of responsibility, etc. আবদুল হক
260 ## - PUBLICATION, DISTRIBUTION, ETC. (IMPRINT)
Place of publication, distribution, etc. চট্টগ্রাম :
Name of publisher, distributor, etc. বইঘর,
Date of publication, distribution, etc. ১৯৭৩ [১৩৮০]
300 ## - PHYSICAL DESCRIPTION
Pagination ৭২ পৃ. ;
Size ১৯ সেমি.
651 ## - SUBJECT ADDED ENTRY--GEOGRAPHIC NAME
Geographic name বাংলাদেশ
General subdivision ইতিহাস
9 (RLIN) 192183
Geographic name Bangladesh
General subdivision History
9 (RLIN) 191912
942 ## - ADDED ENTRY ELEMENTS (KOHA)
Source of classification or shelving scheme Dewey Decimal Classification
Koha item type Books
Holdings
Lost status Source of classification or shelving scheme Damaged status Not for loan Collection code Permanent Location Current Location Shelving location Date acquired Source of acquisition Cost, normal purchase price Total Checkouts Full call number Date last seen Copy number Koha item type
  Dewey Decimal Classification   Not For Loan Non-fiction Central Library, University of Rajshahi Central Library, University of Rajshahi Reading Room 11/07/1990 Shawkat Osman, Dhaka 4.00   B 954.92 HOB 1973 09/03/2017 C-1 Books